000 00371nam a22001577a 4500
003 OSt
005 20231123080200.0
008 171031b xxu||||| |||| 00| 0 eng d
020 _a978-93-82206-04-0
040 _cSEROSOFT
100 _aSHARMA R
245 _aFAMILY MARRIAGE AND KINSHIP IN INDIA
260 _bRAWAT PUB
_c2012
300 _a1ED
942 _2ddc
_c01
_e1ED
999 _c40834
_d40834